| 000 | 00474nam a22001811a 4500 | ||
|---|---|---|---|
| 001 | 6396 | ||
| 003 | OSt | ||
| 005 | 20260204212049.0 | ||
| 008 | 060407s19??||||S.L||||||b||||||||||spa|| | ||
| 050 | _a371.102 A16d | ||
| 100 | _aDe Alcántara, Alcides | ||
| 245 | _aDinámica de grupos y su importancia / Alcides De Alcántara | ||
| 264 | _a[s.l.] : [s.n.] | ||
| 300 | _a106 p | ||
| 500 | _aIncluye bibliografía. | ||
| 650 | _a1.Didáctica 2.PedagogíaÌ | ||
| 942 |
_2ddc _cBK |
||
| 999 |
_c6396 _d6396 |
||